Global Journal of Business Management and Information Technology (Record no. 46500)

MARC details
000 -LEADER
fixed length control field 00400nam a22001337a 4500
008 - FIXED-LENGTH DATA ELEMENTS--GENERAL INFORMATION
fixed length control field 250924b |||||||| |||| 00| 0 eng d
022 ## - INTERNATIONAL STANDARD SERIAL NUMBER
International Standard Serial Number 22783679
041 ## - LANGUAGE CODE
Language code of text/sound track or separate title Eng
245 ## - TITLE STATEMENT
Title Global Journal of Business Management and Information Technology
260 ## - PUBLICATION, DISTRIBUTION, ETC.
Place of publication, distribution, etc. Delhi
Name of publisher, distributor, etc. Research India Publication
Date of publication, distribution, etc. 2025
300 ## - PHYSICAL DESCRIPTION
Extent 88;, p. 27 cm
856 ## - ELECTRONIC LOCATION AND ACCESS
Uniform Resource Identifier <a href="https://www.ripublication.com/gjbmit.htm.">https://www.ripublication.com/gjbmit.htm.</a>
942 ## - ADDED ENTRY ELEMENTS (KOHA)
Koha item type Serial

No items available.

Designed & Maintained by: LRC IMT Nagpur Contact: lrc@imtnag.ac.in© 2024. All Rights Reserved.